000
00310nam a2200133Ia 4500
008
191201s2005 xx 000 0 und d
100
_a
SRIVASTAVA,Puneet
245
0
_a
Managing Concentration
250
_a
2nd IMP
260
_a
N. Delhi
_b
Rupa and Co
_c
2005
300
_a
47
650
_a
BBA
942
_2
ddc
_c
BK
999
_c
4475
_d
4475